[Event "Cologne Longerich op-B 12th"]
[Site "Cologne"]
[Date "2013.07.20"]
[Round "3"]
[White "Herrmann, Andreas"]
[Black "Breuer, Achim"]
[Result "1-0"]
[WhiteElo "1669"]
[BlackElo "1473"]
[PlyCount "69"]
[EventDate "2013.07.19"]
[EventType "tourn"]
[EventRounds "5"]
[EventCountry "GER"]
[SourceTitle "EXT 2017"]
[Source "ChessBase"]
[SourceDate "2016.10.25"]
[SourceVersion "1"]
[SourceVersionDate "2016.10.25"]
[SourceQuality "1"]

1. c4 e6 2. Nc3 Nf6 3. d4 d5 4. e3 Be7 5. Nf3 Nbd7 6. Bd2 c6 7. Bd3 dxc4 8. Bxc4 0-0 9. 0-0 Re8 10. Qc2 Nb6 11. Bd3 g6 12. Ne2 Nbd5 13. a3 Bf8 14. e4 Ne7 15. Bg5 Bg7 16. Qd2 Nd7 17. Rac1 f6 18. Bf4 e5 19. Bc4+ Kh8 20. Bh6 Ng8 21. Bxg7+ Kxg7 22. d5 Nb6 23. dxc6 Nxc4 24. Rxc4 bxc6 25. Rxc6 Qe7 26. Rd6 Qb7 27. Nc3 Ne7 28. Rc1 f5 29. Nxe5 fxe4 30. Nd5 Nf5 31. Rc7+ Qxc7 32. Nxc7 Nxd6 33. Nxa8 Bb7 34. Qxd6 Rc8 35. Nc7 1-0